Normal view
MARC view
- Zeng, Zhijie.
Entry Personal Name
001 - CONTROL NUMBER
- control field: 51726
003 - CONTROL NUMBER IDENTIFIER
- control field: OSt
005 - DATE AND TIME OF LATEST TRANSACTION
- control field: 20240207094528.0
008 - FIXED-LENGTH DATA ELEMENTS
- fixed length control field: 240207|| aca||aabn | a|a d
040 ## - CATALOGING SOURCE
- Original cataloging agency: OSt
- Transcribing agency: OSt
100 ## - HEADING--PERSONAL NAME
- Personal name: Zeng, Zhijie.
- Relator term: author.
670 ## - SOURCE DATA FOUND
- Source citation: Work cat.: (OSt): Zeng, Zhijie. author., An improved impedance modeling method of grid-tied inverters with white-box property /, April 2022.
